00872nam a22002537a 4500003000500000005001700005008004100022010001000063011001000073035001000083040000900093100003400102245014700136260004100283300002200324502008900346650003700435650003200472650003500504650002000539650001600559650002000575650002300595CHAP20220329135016.0971013s1983 r 00010 d a29474 a30446 a34558 cCHAP00aLerma Santana, Julio César. aEvaluación de dos fuentes protéicas (harina de soya, harolina), en la cría artificial de cabritos, usando como disolvente suero de queso a(Monterrey, N.L.) :bEl autor,c1983 a67 h.b: gráfs. aTesis (Ing. Agr. Zootecnista) -- ITESM. Div. de Ciencias Agropecuarias y Marítimas14aGanado cabríoxAlimentación.14aGanado cabríoxCría de.14aGanado cabríoxProducción.14aHarina de soya.14aHarinolina.14aLeche de cabra.14aLechexSustitutos.